Normal view
MARC view
- Kyndian,P.R.
Entry Personal Name
001 - CONTROL NUMBER
- control field: 6996
003 - CONTROL NUMBER IDENTIFIER
- control field: OSt
005 - DATE AND TIME OF LATEST TRANSACTION
- control field: 20181127140446.0
008 - FIXED-LENGTH DATA ELEMENTS
- fixed length control field: 181127|| aca||aabn | a|a d
040 ## - CATALOGING SOURCE
- Original cataloging agency: OSt
- Transcribing agency: OSt
100 ## - HEADING--PERSONAL NAME
- Personal name: Kyndian,P.R.
670 ## - SOURCE DATA FOUND
- Source citation: Work cat.: (OSt): Kyndian,P.R., Jawaharlal Nehru (The Thinking Dynamo)